[Event "Open "B""]
[Site "Schwarzach"]
[Date "1998.08.27"]
[Round "6.10"]
[White "Karios, Peter-Alexander"]
[Black "Delmarko, Dietmar"]
[Result "1-0"]
[WhiteElo "1840"]
[BlackElo "1702"]
[PlyCount "49"]
[EventDate "1998.08.30"]

1. e4 e5 2. Nf3 Nc6 3. d4 exd4 4. Nxd4 Be7 5. Nc3 Nf6 6. Nxc6 dxc6 7. Bf4 Be6
8. Bd3 O-O 9. O-O h6 10. Qd2 Nh7 11. e5 g5 12. Be3 f5 13. exf6 Bxf6 14. Rad1
Qe7 15. Ne4 b6 16. f4 gxf4 17. Nxf6+ Nxf6 18. Rxf4 Qg7 19. Bd4 Bd5 20. c4 Be6
21. Rdf1 Qg5 22. Rxf6 Qxd2 23. Rg6+ Kh7 24. Rg7+ Kh8 25. Rgf7+ { } (25. Rgf7+
Kg8 26. Bh7#) 1-0

[Event "Open "B""]
[Site "Schwarzach"]
[Date "1998.08.28"]
[Round "7.2"]
[White "Wingender, Hans-P"]
[Black "Eder, Herbert"]
[Result "1/2-1/2"]
[WhiteElo "1851"]
[BlackElo "1780"]
[PlyCount "110"]
[EventDate "1998.08.30"]

1. e4 c5 2. Nf3 d6 3. d4 cxd4 4. Nxd4 Nf6 5. Nc3 a6 6. Be2 e6 7. O-O Qc7 8. a4
b6 9. Be3 Bb7 10. Qd3 Nbd7 11. Nb3 Ne5 12. Qd4 Ned7 13. f3 Be7 14. Kh1 O-O 15.
Qd2 d5 16. exd5 Nxd5 17. Nxd5 Bxd5 18. Nd4 Rfc8 19. c4 Bb7 20. b4 Nf6 21. a5
bxa5 22. Rxa5 Bd6 23. c5 Bxh2 24. c6 Bxc6 25. Nxc6 Qxc6 26. Kxh2 Rd8 27. Qc1
Qd6+ 28. Kg1 Qxb4 29. Rxa6 Rac8 30. Rc6 Rb8 31. Bc5 Qa4 32. Be7 Qd4+ 33. Rf2
Ra8 34. Qc3 Qxc3 35. Rxc3 Rdc8 36. Bxf6 gxf6 37. Rxc8+ Rxc8 38. Bd1 Rc5 39. Rd2
h5 40. Kf2 Kg7 41. f4 Rf5 42. Ke3 h4 43. Bg4 Ra5 44. Rd3 Ra2 45. Be2 e5 46. Kf2
Ra4 47. fxe5 fxe5 48. Rc3 Kg6 49. Rc4 Rxc4 50. Bxc4 { } 50... Kg5 (50... f5 51.
Kf3 Kg5 52. Be2 e4+ 53. Ke3 f4+ 54. Kxe4 h3 55. gxh3 $11) 51. Bxf7 $18 51...
Kf4 52. Be6 $1 52... e4 53. Bd7 e3+ 54. Ke2 Ke4 55. Bc8 Kf4 1/2-1/2

[Event "Open "B""]
[Site "Schwarzach"]
[Date "1998.08.28"]
[Round "7.3"]
[White "Junger, Gerald"]
[Black "Zozin, Walter"]
[Result "1-0"]
[WhiteElo "1862"]
[BlackElo "1778"]
[PlyCount "64"]
[EventDate "1998.08.30"]

1. c4 d6 2. Nc3 e5 3. Nf3 Bg4 4. g3 Nf6 5. Bg2 c6 6. h3 Be6 7. b3 Na6 8. d4 Qa5
9. Bd2 Qc7 10. Rc1 exd4 11. Nxd4 Qd7 12. Nxe6 Qxe6 13. O-O Nc5 14. Qc2 g6 15.
b4 Ncd7 16. Qa4 Nb6 17. Qc2 Nxc4 18. b5 Nxd2 19. Qxd2 d5 20. bxc6 bxc6 21. e4
Be7 22. exd5 Qd6 23. Qe2 Nxd5 24. Bxd5 cxd5 25. Nb5 Qd8 26. Nc7+ Kf8 27. Nxa8
Qxa8 28. Rfe1 Bf6 29. Qa6 Kg7 30. Rc2 Re8 31. Rec1 Qd8 32. Qxa7 32... Re7 {
... (48)} 1-0

[Event "Open "B""]
[Site "Schwarzach"]
[Date "1998.08.28"]
[Round "7.4"]
[White "Klinger, Josef Sen"]
[Black "Stadlober, Gerold"]
[Result "1/2-1/2"]
[WhiteElo "1868"]
[BlackElo "1802"]
[PlyCount "85"]
[EventDate "1998.08.30"]

1. e4 c5 2. Nc3 d6 3. g3 Nf6 4. Bg2 Nc6 5. Nge2 a6 6. O-O g6 7. d3 Bg7 8. f4
O-O 9. h3 Qc7 10. g4 b5 11. Ng3 Nd7 12. Nd5 Qa7 13. c3 e6 14. Ne3 Qc7 15. f5
Rb8 16. Qe1 b4 17. Bd2 Nce5 18. Qe2 a5 19. Rac1 Ba6 20. c4 Nc6 21. Be1 Nd4 22.
Qd1 Bb7 23. g5 exf5 24. exf5 Bxg2 25. Kxg2 gxf5 26. Ngxf5 Nxf5 27. Rxf5 Nb6 28.
Rc2 f6 29. Bg3 fxg5 30. Qg4 Rxf5 31. Qxf5 Qd7 32. Nd5 Nxd5 33. Qxd5+ Qf7 34.
Qxd6 Rc8 35. Rf2 Qb7+ 36. Qd5+ Qxd5+ 37. cxd5 Rd8 38. d6 Bf8 39. Rf5 Bxd6 40.
Rxg5+ Kf7 41. Kf1 Be7 42. Rf5+ Kg6 43. Rf3 {.} 1/2-1/2

[Event "Open "B""]
[Site "Schwarzach"]
[Date "1998.08.28"]
[Round "7.5"]
[White "Mooslechner, Peter"]
[Black "Kinzlinger, Georg"]
[Result "1-0"]
[WhiteElo "1866"]
[BlackElo "1769"]
[PlyCount "83"]
[EventDate "1998.08.30"]

1. e4 d5 2. exd5 Qxd5 3. Nc3 Qa5 4. d4 Nf6 5. Bd3 Bg4 6. f3 Bh5 7. Nge2 e6 8.
O-O c6 9. Bf4 Nd5 10. Nxd5 Qxd5 11. c4 Qd8 12. Qb3 Qb6 13. Qc2 Bg6 14. Kh1 Bxd3
15. Qxd3 Be7 16. d5 exd5 17. cxd5 cxd5 18. Qxd5 O-O 19. Rac1 Nc6 20. Qe4 Bf6
21. Ng3 Rfe8 22. Qf5 Nd4 23. Qg4 Qe6 24. Ne4 Ne2 25. Nxf6+ Qxf6 26. Bg5 Qe6 27.
Qxe6 Rxe6 28. Rc7 h6 29. Bh4 g5 30. Bf2 b6 31. g3 Rd6 32. Re1 Re6 33. Rd1 f5
34. Rdd7 f4 35. g4 Rae8 36. Rxa7 Kf8 37. Kg2 R6e7 38. Rxe7 Rxe7 39. Rxe7 Kxe7
40. Bxb6 Nc1 41. a3 Nd3 42. Bd4 {.} 1-0

[Event "Open "B""]
[Site "Schwarzach"]
[Date "1998.08.28"]
[Round "7.6"]
[White "Windhofer, Johann"]
[Black "Krasser, Reinhard"]
[Result "1-0"]
[WhiteElo "1859"]
[BlackElo "1697"]
[PlyCount "85"]
[EventDate "1998.08.30"]

1. d4 d5 2. c4 e6 3. Nc3 Nf6 4. Nf3 c5 5. cxd5 exd5 6. e3 Nc6 7. a3 Be7 8. dxc5
Bxc5 9. b4 Bb6 10. Nb5 O-O 11. Be2 Qe7 12. O-O a6 13. Nbd4 Bc7 14. Bb2 Rd8 15.
Rc1 Ne5 16. Rc2 Bd6 17. Qa1 Nxf3+ 18. Nxf3 Ne8 19. Rfc1 Bf5 20. Rd2 f6 21. Qa2
Nc7 22. Nd4 Bg6 23. Bf3 Kh8 24. Rcd1 Be5 25. Ne2 Bxb2 26. Qxb2 Bf7 27. Nd4 $6 (
27. Nf4 $1 $16) 27... Qe5 28. g3 g6 29. a4 Rac8 30. Nb3 b6 31. Nd4 Ne8 32. Rc2
32... Rxc2 $6 (32... Nd6 $14) 33. Qxc2 $16 33... Qc7 34. Qxc7 Nxc7 35. Rc1 Na8
36. a5 Kg7 37. Be2 bxa5 38. bxa5 Rd7 39. Rc6 Ra7 40. Rxa6 Rxa6 41. Bxa6 Be8 42.
Bb7 Nc7 43. a6 1-0

[Event "Open "B""]
[Site "Schwarzach"]
[Date "1998.08.28"]
[Round "7.7"]
[White "Colic, Senad"]
[Black "Karios, Peter-Alexander"]
[Result "0-1"]
[WhiteElo "1748"]
[BlackElo "1840"]
[PlyCount "56"]
[EventDate "1998.08.30"]

1. e4 c6 2. c4 d5 3. cxd5 cxd5 4. e5 Bf5 5. Qb3 Qc7 6. Bb5+ Nd7 7. Qc3 Rc8 8.
Nf3 a6 9. Bxd7+ 9... Qxd7 { } 10. O-O Rxc3 11. dxc3 e6 12. Be3 Ne7 13. Nbd2 Nc6
14. Nb3 Be7 15. Rad1 Bc2 16. Rd2 Bxb3 17. axb3 Qc7 18. Bd4 O-O 19. b4 Nxd4 20.
Rxd4 f6 21. exf6 Bxf6 22. Rd2 Rd8 23. Rfd1 Qc4 24. h3 e5 25. Nh2 Bg5 26. Rd3 e4
27. Rg3 Qe2 28. Rb1 Bf4 0-1

[Event "Open "B""]
[Site "Schwarzach"]
[Date "1998.08.28"]
[Round "7.8"]
[White "Moherndl, Gerhard"]
[Black "Buchholz, Karl"]
[Result "0-1"]
[WhiteElo "1641"]
[BlackElo "1798"]
[PlyCount "64"]
[EventDate "1998.08.30"]

1. c4 Nf6 2. Nc3 e6 3. d4 d5 4. Bg5 Be7 5. e3 Nbd7 6. Nf3 b6 7. Bd3 Bb7 8. Rc1
O-O 9. cxd5 exd5 10. Qc2 c5 11. Bf5 Rc8 12. Bxf6 Bxf6 13. Bxh7+ Kh8 14. Bf5
cxd4 15. Nxd4 Bxd4 16. exd4 Re8+ 17. Kf1 Qe7 18. Qd1 Ba6+ 19. Bd3 Bxd3+ 20.
Qxd3 Qg5 21. Rd1 Nf6 22. h4 Qh5 23. f3 Qh6 24. Kf2 Qf4 25. Kg1 Re3 26. Qd2 Rce8
27. Ne2 Qd6 28. Re1 Nh5 29. Kf2 29... R3e6 { } 30. g4 $4 30... Rxe2+ 31. Rxe2
Qg3+ 32. Kf1 Qxf3+ 0-1

[Event "Open "B""]
[Site "Schwarzach"]
[Date "1998.08.28"]
[Round "7.9"]
[White "Voigt, Ingrid"]
[Black "Mitteregger, Klaus"]
[Result "1/2-1/2"]
[WhiteElo "1781"]
[BlackElo "1739"]
[PlyCount "105"]
[EventDate "1998.08.30"]

1. e4 b6 2. d4 e6 3. Nf3 Bb7 4. Bd3 Nf6 5. Qe2 d6 6. O-O Be7 7. Bf4 Nbd7 8.
Nbd2 O-O 9. c3 h6 10. h3 Rc8 11. Qe3 Nh7 12. e5 Ng5 13. Kh2 dxe5 14. dxe5 Re8
15. h4 Nh7 16. Bxh6 gxh6 17. Qxh6 Ndf8 18. Bc2 c5 19. Rad1 Qc7 20. g3 Rcd8 21.
Ne4 Bxe4 22. Bxe4 Rxd1 23. Rxd1 Rd8 24. Re1 b5 25. Kg2 b4 26. cxb4 cxb4 27. Ng5
Bxg5 28. hxg5 Rd4 29. Bxh7+ Nxh7 30. g6 Qc6+ 31. Kh2 fxg6 32. Qxg6+ Kh8 33. Qf7
Rd7 34. Qe8+ Kg7 35. Re4 Qxe4 36. Qxd7+ Kf8 37. Qd8+ Kg7 38. Qd7+ Kh8 39. Qe8+
Kg7 40. Qe7+ Kg6 41. Qxe6+ Kh5 42. Qh3+ Kg6 43. f4 Qe2+ 44. Qg2 Qh5+ 45. Kg1
Qd1+ 46. Qf1 Qd4+ 47. Qf2 Qd1+ 48. Kh2 Kf5 49. Qg2 Nf8 50. Qh3+ Ke4 51. Qg2+
Kf5 52. Qh3+ Ke4 53. Qg2+ {.} 1/2-1/2

[Event "Open "B""]
[Site "Schwarzach"]
[Date "1998.08.28"]
[Round "7.10"]
[White "Graf, Jutta"]
[Black "Binder, Franz"]
[Result "1/2-1/2"]
[WhiteElo "1762"]
[BlackElo "1719"]
[PlyCount "58"]
[EventDate "1998.08.30"]

1. e4 c5 2. f4 d6 3. Nf3 Nc6 4. Bb5 Bd7 5. Nc3 e6 6. O-O g6 7. e5 d5 8. Ne2
Nxe5 9. fxe5 Bxb5 10. d3 Be7 11. Qe1 b6 12. a4 Bc6 13. Qf2 f5 14. exf6 Nxf6 15.
Ng5 Qd7 16. Nf3 O-O-O 17. Ne5 Qe8 18. Nxc6 Qxc6 19. Bd2 Rhf8 20. Qe1 d4 21. Nf4
Rd6 22. b4 g5 23. b5 Qd7 24. Ne2 Rd5 25. a5 Bd8 26. Ng3 26... Qc7 $2 27. Qxe6+
27... Qd7 { } 28. Qxd7+ (28. axb6 $1 $18) 28... Nxd7 29. axb6 axb6 1/2-1/2

[Event "Open "B""]
[Site "Schwarzach"]
[Date "1998.08.29"]
[Round "8.1"]
[White "Walkner, Karl"]
[Black "Junger, Gerald"]
[Result "0-1"]
[WhiteElo "1884"]
[BlackElo "1862"]
[PlyCount "102"]
[EventDate "1998.08.30"]

1. e4 d5 2. exd5 Qxd5 3. Nc3 Qa5 4. Nf3 Nf6 5. d4 Bf5 6. Bd2 c6 7. Bc4 e6 8.
O-O Qc7 9. Re1 Bd6 10. h3 O-O 11. Bg5 Nbd7 12. Bd3 Bxd3 13. Qxd3 h6 14. Bxf6
Nxf6 15. Ne4 Be7 16. Rad1 Rad8 17. Qb3 Nxe4 18. Rxe4 c5 19. c3 Bf6 20. dxc5
Rxd1+ 21. Qxd1 Qxc5 22. Re2 Rd8 23. Rd2 Rxd2 24. Qxd2 Qa5 25. a3 Qf5 26. Qd1 b6
27. a4 g6 28. Qc1 Kg7 29. b4 e5 30. Qe3 e4 31. Nd4 Qd5 32. g3 { } 32... Bxd4
33. Qxd4+ Qxd4 34. cxd4 Kf6 35. f3 exf3 36. Kf2 Ke6 37. Kxf3 Kd5 38. Ke3 f5 39.
h4 g5 40. b5 Kd6 (40... Kc4 $19) 41. Kf3 Kd5 42. Ke3 Kc4 43. h5 Kd5 (43... Kb4
$19) 44. Ke2 $4 44... Kxd4 45. Kf3 Kd3 46. Kf2 Ke4 47. Ke2 f4 48. Kf2 f3 49.
Kf1 Ke3 50. Ke1 g4 51. Kf1 f2 0-1

[Event "Open "B""]
[Site "Schwarzach"]
[Date "1998.08.29"]
[Round "8.2"]
[White "Eder, Herbert"]
[Black "Aigner, Matthias"]
[Result "1-0"]
[WhiteElo "1780"]
[BlackElo "1847"]
[PlyCount "67"]
[EventDate "1998.08.30"]

1. e4 c5 2. Nf3 Nc6 3. d4 cxd4 4. Nxd4 Nf6 5. Nc3 e5 6. Ndb5 d6 7. Bg5 a6 8.
Na3 b5 9. Nd5 Be7 10. Nxe7 Nxe7 11. Bxf6 gxf6 12. Qf3 f5 13. exf5 Bxf5 14.
O-O-O d5 15. Qe3 Qc7 16. Bd3 e4 17. Be2 O-O 18. g4 Bg6 19. h4 b4 20. Nb1 Rac8
21. c3 f5 22. h5 f4 23. Qd4 Be8 24. g5 Nc6 25. Qxd5+ Bf7 26. Qxe4 Bxa2 27. Bc4+
Bxc4 28. Qxc4+ Qf7 29. Qxf7+ Rxf7 30. Rd6 bxc3 31. Nxc3 Nb4 32. g6 hxg6 33.
Rxg6+ Rg7 34. Rhg1 {  ... (59)} 1-0

[Event "Open "B""]
[Site "Schwarzach"]
[Date "1998.08.29"]
[Round "8.3"]
[White "Klinger, Josef Sen"]
[Black "Wingender, Hans-P"]
[Result "1-0"]
[WhiteElo "1868"]
[BlackElo "1851"]
[PlyCount "117"]
[EventDate "1998.08.30"]

1. e4 c6 2. d4 d5 3. e5 Bf5 4. Bd3 Bxd3 5. Qxd3 e6 6. f4 c5 7. dxc5 Bxc5 8. Be3
Qb6 9. Bxc5 Qxc5 10. Nd2 Nc6 11. Nb3 Qb4+ 12. Qd2 Qe4+ 13. Kf2 Qf5 14. Nf3 Nge7
15. h3 O-O 16. Nbd4 Nxd4 17. Nxd4 Qh5 18. g4 Qh4+ 19. Kg2 Ng6 20. Rhf1 a6 21.
Rae1 Qh6 22. Re2 Rfc8 23. Qe3 Nf8 24. f5 Qxe3 25. Rxe3 b5 26. a3 Rab8 27. b3 a5
28. Rff3 Rb6 29. Kg3 Nd7 30. Rc3 Nc5 31. Kf4 b4 32. axb4 axb4 33. Rce3 Ne4 34.
g5 Ra6 35. Re2 g6 36. fxe6 fxe6 37. h4 Rf8+ 38. Kg4 Rxf3 39. Kxf3 Kf7 40. Re1
Ra8 41. Ke3 Ng3 42. Nc6 Nf5+ 43. Kd3 Rc8 44. Nxb4 Kg7 45. Rh1 Ng3 46. Ra1 Rc7
47. Ra6 Ne4 48. Kd4 Kf7 49. Nc6 Rd7 50. Ra8 Ng3 51. Kc5 Nf5 52. Kb6 Nxh4 53. b4
Nf3 54. b5 Nxg5 55. Ra7 Ke8 56. Rxd7 Kxd7 57. Ka7 Ne4 58. Nb8+ Kc8 59. Na6 { }
1-0

[Event "Open "B""]
[Site "Schwarzach"]
[Date "1998.08.29"]
[Round "8.6"]
[White "Huber, David"]
[Black "Stadlober, Gerold"]
[Result "1-0"]
[WhiteElo "1552"]
[BlackElo "1802"]
[PlyCount "69"]
[EventDate "1998.08.30"]

1. e4 c5 2. Nf3 d6 3. d3 Nc6 4. g3 g6 5. Bg2 Bg7 6. O-O Nf6 7. Bf4 Nh5 8. Bc1
O-O 9. Nbd2 Qc7 10. Re1 Rb8 11. a4 a6 12. c3 b5 13. axb5 axb5 14. Nf1 b4 15. d4
bxc3 16. bxc3 Bg4 17. Be3 cxd4 18. Bxd4 e5 19. Be3 Nf6 20. Bg5 Nd7 21. Bc1 Be6
22. Ba3 Nc5 23. Ng5 Bb3 24. Qe2 h6 25. Nf3 Na5 26. N3d2 Be6 27. Red1 f5 28. Bh3
Nab3 29. Nxb3 Bxb3 30. Bxc5 Bxd1 31. Bxd6 Bxe2 32. Bxc7 Rbc8 33. Bd6 Rf7 34.
Bb4 Bg4 35. Bg2 1-0

[Event "Open "B""]
[Site "Schwarzach"]
[Date "1998.08.29"]
[Round "8.7"]
[White "Zozin, Walter"]
[Black "Loeb, Walter"]
[Result "1/2-1/2"]
[WhiteElo "1778"]
[BlackElo "1693"]
[PlyCount "53"]
[EventDate "1998.08.30"]

1. f4 b5 2. b3 Bb7 3. e3 Nf6 4. Nf3 b4 5. Bb2 g6 6. Be2 Bg7 7. O-O O-O 8. Ng5
d5 9. Bf3 Ne4 10. Bxg7 Kxg7 11. Bxe4 dxe4 12. d3 exd3 13. cxd3 Ba6 14. Qf3 Qxd3
15. Rd1 Qe2 16. Nd2 Qxf3 17. Ngxf3 Rd8 18. Rac1 Be2 19. Re1 Bxf3 20. Nxf3 Na6
21. Nd4 c5 22. Nf3 Rd6 23. Rc2 Rad8 24. Kf1 f6 25. Ke2 h6 26. g4 Rd5 27. Rd2 {.
} 1/2-1/2

[Event "Open "B""]
[Site "Schwarzach"]
[Date "1998.08.29"]
[Round "8.8"]
[White "Mitteregger, Klaus"]
[Black "Heise, Stefan"]
[Result "1/2-1/2"]
[WhiteElo "1739"]
[BlackElo "1812"]
[PlyCount "65"]
[EventDate "1998.08.30"]

1. c3 d5 2. d4 Nf6 3. Bf4 e6 4. e3 Bd6 5. Bxd6 Qxd6 6. Bd3 O-O 7. f4 c5 8. Nd2
Bd7 9. Ngf3 b5 10. O-O b4 11. dxc5 Qxc5 12. Nd4 bxc3 13. Rc1 Qb6 14. bxc3 Nc6
15. N2f3 e5 16. fxe5 Ng4 17. Qe2 Ngxe5 18. Nxe5 Nxe5 19. Bxh7+ Kxh7 20. Qh5+
Kg8 21. Qxe5 Qh6 22. Qxd5 Qxe3+ 23. Kh1 Be6 24. Nxe6 fxe6 25. Qd4 Qe2 26. Rxf8+
Rxf8 27. Qxa7 e5 28. c4 e4 29. Qd4 e3 30. h3 Rf1+ 31. Rxf1 Qxf1+ 32. Kh2 e2 33.
Qd8+ { } 1/2-1/2

[Event "Open "B""]
[Site "Schwarzach"]
[Date "1998.08.29"]
[Round "8.9"]
[White "Binder, Franz"]
[Black "Voigt, Ingrid"]
[Result "0-1"]
[WhiteElo "1719"]
[BlackElo "1781"]
[PlyCount "98"]
[EventDate "1998.08.30"]

1. e4 e6 2. d4 d5 3. e5 c5 4. c3 Qb6 5. Bd3 Nc6 6. Ne2 cxd4 7. cxd4 Bd7 8. Nbc3
Nxd4 9. Be3 Bc5 10. Na4 Qa5+ 11. Nec3 Bxa4 12. Qxa4+ Qxa4 13. Nxa4 Bb4+ 14. Nc3
Nc6 15. Bb5 Nge7 16. O-O O-O 17. Bf4 Ng6 18. Bg3 Ncxe5 19. h4 Nc6 20. Rac1 Nd4
21. Bd3 Rac8 22. Rfd1 Nc6 23. Ne2 Nge5 24. Bb1 Nc4 25. b3 Nd6 26. Bf4 Ne7 27.
Be3 b6 28. Bd3 Ba3 29. Rb1 Bc5 30. Bg5 f6 31. Bd2 a5 32. Nf4 Kf7 33. Re1 e5 34.
Ne2 e4 35. Bc2 Bxf2+ 36. Kxf2 Rxc2 37. Be3 b5 38. a4 bxa4 39. bxa4 Rfc8 40. Kg3
Nef5+ 41. Kf4 Nxe3 42. Kxe3 Nf5+ 43. Kf4 Nxh4 44. Nd4 Nxg2+ 45. Kg3 Nxe1 46.
Rxe1 R8c3+ 47. Kf4 g5+ 48. Kf5 Rf2+ 49. Nf3 49... Rfxf3+ {.} 0-1

[Event "Open "B""]
[Site "Schwarzach"]
[Date "1998.08.29"]
[Round "8.10"]
[White "Kinzlinger, Georg"]
[Black "Graf, Jutta"]
[Result "1/2-1/2"]
[WhiteElo "1769"]
[BlackElo "1762"]
[PlyCount "32"]
[EventDate "1998.08.30"]

1. e4 d5 2. exd5 Nf6 3. Bb5+ Bd7 4. Bc4 Bg4 5. f3 Bc8 6. Nc3 Nbd7 7. Ne4 g6 8.
Bb3 Bg7 9. d4 Nb6 10. c4 O-O 11. Ne2 e6 12. dxe6 fxe6 13. O-O a5 14. a4 Nxe4
15. fxe4 Rxf1+ 16. Kxf1 16... c5 {Rest unleserlich, im 38. Zug} 1/2-1/2

[Event "Open "B""]
[Site "Schwarzach"]
[Date "1998.08.30"]
[Round "9.1"]
[White "Junger, Gerald"]
[Black "Eder, Herbert"]
[Result "0-1"]
[WhiteElo "1862"]
[BlackElo "1780"]
[PlyCount "86"]
[EventDate "1998.08.30"]

1. c4 c5 2. Nf3 Nf6 3. d4 cxd4 4. Nxd4 b6 5. f3 Bb7 6. e4 d6 7. Nc3 g6 8. Be2
Bg7 9. O-O O-O 10. Be3 Nbd7 11. Qd2 Rc8 12. Nd5 Ne5 13. Rac1 Nc6 14. Nb5 Nd7
15. Rfd1 a6 16. Nd4 Nc5 17. Nxc6 Bxc6 18. b4 Nd7 19. Bg5 Re8 20. Ne3 Nf8 21. b5
Bb7 22. Ng4 Ne6 23. Nh6+ Kf8 24. Be3 a5 25. h4 Nc5 26. h5 Qd7 27. Kf2 Qe6 28.
Rh1 28... Qf6 { } 29. Ng4 $2 (29. Kg1 $15) 29... Nxe4+ 30. Ke1 Nxd2 31. Nxf6
Nxf3+ 32. gxf3 32... exf6 $1 33. Kf2 33... Rxe3 $1 34. Kxe3 34... f5 $2 $11 (
34... Bh6+ $19) 35. hxg6 hxg6 36. Rcd1 Be5 37. Rh3 f4+ 38. Kf2 Ke7 39. Rh7 Rc5
40. Bd3 Kf6 41. Rh8 Bd4+ 42. Kg2 42... Rg5+ $19 43. Kf1 Bxf3 0-1

[Event "Open "B""]
[Site "Schwarzach"]
[Date "1998.08.30"]
[Round "9.2"]
[White "Mooslechner, Peter"]
[Black "Huber, David"]
[Result "1-0"]
[WhiteElo "1866"]
[BlackElo "1552"]
[PlyCount "71"]
[EventDate "1998.08.30"]

1. e4 c5 2. Nf3 d6 3. d4 cxd4 4. Qxd4 Nc6 5. Bb5 Qa5+ 6. Nc3 Qxb5 7. Nxb5 Nxd4
8. Nfxd4 Kd7 9. Be3 Nf6 10. f3 g6 11. O-O-O Bg7 12. Rhe1 a6 13. Nc3 b5 14. e5
Ne8 15. exd6 Nxd6 16. Nd5 Nc4 17. Bg5 e6 18. Nf6+ Kc7 19. Ne4 Bb7 20. b3 Nb6
21. Nc5 Bd5 22. Bf4+ { } 22... e5 23. Rxe5 Bxe5 24. Bxe5+ Kd8 25. Bxh8 Ke7 26.
Bg7 f6 27. Bh6 g5 28. h4 Kf7 29. hxg5 Kg6 30. Rh1 fxg5 31. Rh2 Re8 32. f4 g4
33. Bg5 Re1+ 34. Kd2 Rg1 35. Rh6+ Kg7 36. Rxb6 1-0

[Event "Open "B""]
[Site "Schwarzach"]
[Date "1998.08.30"]
[Round "9.4"]
[White "Voigt, Ingrid"]
[Black "Walkner, Karl"]
[Result "1/2-1/2"]
[WhiteElo "1781"]
[BlackElo "1884"]
[PlyCount "81"]
[EventDate "1998.08.30"]

1. e4 c5 2. Nf3 Nc6 3. d4 cxd4 4. Nxd4 e6 5. Be3 Nf6 6. Nd2 d5 7. Nxc6 bxc6 8.
e5 Nd7 9. f4 c5 10. c3 Rb8 11. Qc2 Be7 12. Bd3 f5 13. exf6 Nxf6 14. O-O O-O 15.
b3 Bb7 16. Rae1 Rc8 17. Bf2 Qd6 18. g3 c4 19. bxc4 dxc4 20. Be4 Nxe4 21. Nxe4
Qd5 22. Bd4 Bc5 23. Bxc5 Rxc5 24. Qd2 Ra5 25. Qxd5 Bxd5 26. Rf2 Rb8 27. Ng5 Rb6
28. f5 Rab5 29. fxe6 Rb1 30. Rfe2 Bc6 31. e7 { } 31... Rxe1+ 32. Rxe1 Be8 33.
Rd1 Rb7 34. Rd8 Rxe7 35. Rc8 h6 36. Nf3 Kh7 37. Rxc4 Bf7 38. Ra4 Re3 39. Kf2
Rxc3 40. Rxa7 Rc2+ 41. Ke3 1/2-1/2

[Event "Open "B""]
[Site "Schwarzach"]
[Date "1998.08.30"]
[Round "9.5"]
[White "Wingender, Hans-P"]
[Black "Karios, Peter-Alexander"]
[Result "1-0"]
[WhiteElo "1851"]
[BlackElo "1840"]
[PlyCount "77"]
[EventDate "1998.08.30"]

1. e4 c6 2. d4 d5 3. exd5 cxd5 4. c4 Nf6 5. Nc3 g6 6. Qb3 Bg7 7. cxd5 O-O 8.
Be2 Nbd7 9. Bf3 Nb6 10. Nge2 Re8 11. O-O Bg4 12. Bxg4 Nxg4 13. Bg5 h6 14. Bh4
g5 15. Bg3 Nf6 16. d6 exd6 17. Rad1 h5 18. h4 Ng4 19. hxg5 Qxg5 20. Rfe1 h4 21.
Bf4 Qf5 22. Qb5 d5 23. Qd3 Qh5 24. Nb5 Nc4 25. Qf3 Re4 26. b3 Nb6 27. Nd6 Re6
28. Nxb7 Rae8 29. Nc5 Rg6 30. Nd3 h3 31. Ng3 Rxe1+ 32. Rxe1 h2+ 33. Kh1 { }
33... Qh4 34. Nf5 Nxf2+ 35. Nxf2 Qf6 36. Ne7+ Kf8 37. Nxg6+ Qxg6 38. Be5 Bxe5
39. dxe5 {Zeitueberschreitung!} 1-0

[Event "Open "B""]
[Site "Schwarzach"]
[Date "1998.08.30"]
[Round "9.7"]
[White "Loeb, Walter"]
[Black "Kinzlinger, Georg"]
[Result "1/2-1/2"]
[WhiteElo "1693"]
[BlackElo "1769"]
[PlyCount "70"]
[EventDate "1998.08.30"]

1. e4 d5 2. Nc3 d4 3. Nce2 c5 4. d3 e5 5. f4 Nc6 6. Nf3 Bd6 7. f5 Nf6 8. h3 h6
9. g4 b5 10. Rg1 Nh7 11. h4 f6 12. Ng3 Bd7 13. Nh5 Qe7 14. a4 b4 15. g5 hxg5
16. hxg5 fxg5 17. Bxg5 Nxg5 18. Rxg5 O-O-O 19. Qe2 Rdg8 20. O-O-O Be8 21. Ng3
g6 22. fxg6 Rxg6 23. Nf5 Qf6 24. Qg2 Be7 25. Nxe7+ Nxe7 26. Rxg6 Nxg6 27. Qg3
Nf4 28. Qg4+ Bd7 29. Qg5 Qxg5 30. Nxg5 Bxa4 31. Nf7 Rh5 32. Rd2 Kd7 33. b3 Bb5
34. Rf2 Ke6 35. Nd8+ 35... Kd7 {.} 1/2-1/2

[Event "Open "B""]
[Site "Schwarzach"]
[Date "1998.08.30"]
[Round "9.8"]
[White "Voigt, Heinz"]
[Black "Reschreiter, Hans-P"]
[Result "1/2-1/2"]
[WhiteElo "1704"]
[BlackElo "1821"]
[PlyCount "63"]
[EventDate "1998.08.30"]

1. d4 Nf6 2. c4 g6 3. Nc3 Bg7 4. e4 d6 5. f3 O-O 6. Bg5 Nbd7 7. Nh3 e5 8. d5 a5
9. Qd2 Nc5 10. Nf2 Bd7 11. Be2 Qc8 12. g4 a4 13. h4 Qe8 14. Bh6 Qd8 15. h5 Qe8
16. Bxg7 Kxg7 17. hxg6 fxg6 18. Qh6+ Kg8 19. f4 exf4 20. g5 Nh5 21. Bxh5 gxh5
22. Rxh5 Qg6 23. O-O-O Be8 24. Rdh1 Qxh6 25. Rxh6 Bg6 26. Ng4 Nd7 27. Kd2 Rae8
28. e5 dxe5 29. Nb5 Rc8 30. Na7 Rce8 31. Nb5 Rc8 32. Na7 { } 1/2-1/2

[Event "Open "B""]
[Site "Schwarzach"]
[Date "1998.08.30"]
[Round "9.10"]
[White "Stadlober, Gerold"]
[Black "Mitteregger, Klaus"]
[Result "1-0"]
[WhiteElo "1802"]
[BlackElo "1739"]
[PlyCount "131"]
[EventDate "1998.08.30"]

1. e4 b6 2. d4 e6 3. Bd3 Bb7 4. Ne2 Nf6 5. Bg5 Be7 6. Nd2 Nc6 7. c3 d6 8. O-O
h6 9. Bxf6 Bxf6 10. f4 Qd7 11. Bb5 a6 12. Ba4 b5 13. Bc2 g5 14. e5 Be7 15. exd6
Bxd6 16. f5 Ne7 17. Ne4 Nd5 18. fxe6 Qxe6 19. Qd3 O-O-O 20. Bb3 Qe7 21. Nxd6+
Rxd6 22. Ng3 Rf6 23. Rfe1 Qd7 24. Nh5 Re6 25. a4 Rhe8 26. Rxe6 Qxe6 27. axb5
axb5 28. Ng3 Qe3+ 29. Qxe3 Nxe3 30. Re1 Kd8 31. Bxf7 Re7 32. Bg6 Nxg2 33. Rxe7
Kxe7 34. Bd3 Ne3 35. Bxb5 Nd1 36. Nf5+ Kf6 37. Nxh6 Bc8 38. Be2 Nxb2 39. Kf2
Na4 40. c4 Nb6 41. Kg3 Bd7 42. Ng4+ Kf5 43. Bd3+ Ke6 44. Ne3 44... Kf6 { } 45.
c5 Na8 46. Nd5+ Ke6 47. Be4 Bb5 48. Kg4 Bd3 49. Nf4+ gxf4 50. Bxa8 Kf6 51. Kxf4
Bg6 52. Be4 Be8 53. d5 Bd7 54. h4 Be8 55. Bd3 Bh5 56. Bf5 Bf7 57. d6 cxd6 58.
c6 Bd5 59. c7 Bb7 60. h5 Kg7 61. Kg5 d5 62. h6+ Kh8 63. Kf6 d4 64. Ke5 Kg8 65.
Kxd4 Kf7 66. Kc5 1-0